000 00674nam a22002177a 4500
003 UA-OsUOA
001 57009
007 ta
008 20081125b un ||||| |||| 00| 0 ukr d
100 _aМейс Дж.
090 _a94(477)
_bМ-21
942 _cSA
040 _aUA-OsUOA
_bukr
_cUA-OsUOA
_dUA-OsUOA
245 _aВеликий експеримент. До історії національного комунізму в Україні/Продовження. Початок у № 209, 1008 р.
300 _aС.4
955 _a0
041 _aukr
080 _a94(477)
773 0 _w57008
650 7 _a9 Географія. Біографії. Історія
_2UDC
999 _c343090
_d343090